000 00596nmm a2200193Ia 4500
008 251105s9999||||xx |||||||||||||||||und||
020 _a9788495839367
041 _aspa
100 _aMilesi, Jean Louis
245 0 _aMarie-Jo y sus dos amores :
_b guión cinematográfico de Jean Louis Milesi y Robert Guédiguian
264 _a[Madrid, España] :
_bOcho y Medio,
_c2003
300 _a152 páginas
490 _aEspiral
650 _aFilm studies
700 _aMilesi, Jean Louis
700 1 _a Guediguian, Robert
856 _uhttps://public.digitaliapublishing.com/a/375
942 _cCF
999 _c68831
_d68831